[Event "Porto San Giorgio op 18th"]
[Site "Porto San Giorgio"]
[Date "2006.08.21"]
[Round "1"]
[White "Brandimarti, Luca"]
[Black "Sagripanti, Michele"]
[Result "1-0"]
[WhiteElo "1446"]
[BlackElo "1440"]
[PlyCount "121"]
[EventDate "2006.08.21"]
[EventType "swiss"]
[EventRounds "9"]
[EventCountry "ITA"]
[SourceTitle "CBM 113 Extra"]
[Source "ChessBase"]
[SourceDate "2006.09.14"]
[SourceVersion "1"]
[SourceVersionDate "2006.09.14"]
[SourceQuality "1"]

1. e4 e5 2. Nf3 Nc6 3. Bc4 Nf6 4. Ng5 d5 5. exd5 Nxd5 6. Qh5 g6 7. Qf3 Be6 8. Nxe6 fxe6 9. Nc3 Nd4 10. Qd1 c6 11. a3 Qg5 12. 0-0 Qh5 13. Ne2 Bd6 14. Nxd4 Qxd1 15. Rxd1 exd4 16. d3 Kd7 17. Bg5 b5 18. Ba2 a5 19. Bxd5 cxd5 20. Bf6 Rhf8 21. Bxd4 Rf4 22. Be3 Ra4 23. c3 h5 24. Bc1 Rc8 25. b3 Rf4 26. Bxf4 Bxf4 27. c4 Rb8 28. g3 Bh6 29. f4 g5 30. fxg5 Bxg5 31. cxd5 exd5 32. d4 Rc8 33. Rd3 Rc2 34. a4 b4 35. Rf1 Rc3 36. Rdf3 Bf6 37. Rxc3 bxc3 38. Rxf6 c2 39. Rf1 Ke6 40. Rc1 Kf5 41. Rxc2 Ke4 42. Rc5 Kxd4 43. Rxa5 Ke4 44. Kf2 d4 45. Ke1 Ke3 46. Rxh5 Kd3 47. g4 Kc2 48. Rd5 d3 49. g5 d2+ 50. Rxd2+ Kxb3 51. a5 Kc4 52. a6 Kc3 53. a7 Kc4 54. a8R Kc3 55. Rc8+ Kb3 56. Rd7 Kb4 57. h4 Kb5 58. Rb7+ Ka6 59. Rb1 Ka7 60. Rc2 Ka6 61. Ra2# 1-0